| 000 | 01106nam a2200265 a 4500 | ||
|---|---|---|---|
| 001 | BRCA_7059 | ||
| 005 | 20190321142932.0 | ||
| 008 | 031211s2011----po-a######---#000-0#por-# | ||
| 020 | _a9789898366078 | ||
| 041 | _apor | ||
| 044 | _apo | ||
| 050 | 4 | _b.P56 2011 | |
| 100 | 1 |
_aPinto Trancoso, Teresa Maria _917542 |
|
| 245 | 1 | 0 |
_aAntónio Maria Ribeiro _bcinzelador, ourives, escultor e desenhador portuense (1889-1962) _cTeresa Maria Pinto Trancoso ; prefácio Gonçalo de Vasconcelos e Sousa. |
| 260 |
_aPorto, Portugal _bUniversidade Católica Editora - Porto ; Centro Interpretativo da Ourivesaria do Norte de Portugal (CIONP) ; Escola das Artes/Universidade Católica Portuguesa (CITAR) _c2011 |
||
| 300 |
_a253 p. _bil. (algunas a color) _c24 cm. |
||
| 500 | _aDonado y dedicado a la biblioteca del MFM por Teresa Maria Pinto Trancoso | ||
| 504 | _aBibliografía: p. [245]-253 | ||
| 650 | 1 | 4 |
_aJoyería portuguesa _917543 |
| 650 | 1 | 4 |
_aPlata portuguesa _917544 |
| 650 | 1 | 4 |
_aBiografía _917545 |
| 650 | 1 | 4 |
_aBronce _917546 |
| 700 | 1 |
_aVasconcelos e Sousa, Gonçalo de _917547 |
|
| 942 |
_2lcc _cB |
||
| 999 |
_c6740 _d6740 |
||